000 00652nam a2200229Ia 4500
003 OSt
005 20221007074124.0
006 a|||||r|||| 00| 0
007 ta
008 221006b |||||||| |||| 00| 0 eng d
024 _a22,180
037 _cReference Collections
040 _aFLL
_cFLL
_beng
041 _2eng
_aeng
082 _aZ21qM4, A
100 _aGrant William
_9692535
245 0 _aActs of the legislative council of India
260 _aMadras
_bCommercial Advertiser Press India
_c1848
300 _axii,246,xxiv
_ccm.
942 _hZ21qM4, A
_cREF
_2CC
999 _c1151238
_d1151238